Strategický prístup k riadeniu ľudských zdrojov diplomová práca

Guardado en:
Detalles Bibliográficos
Autor principal: Sániková, Veronika
Autor Corporativo: Podnikovohospodárska fakulta EU so sídlom v Košiciach. Katedra manažmentu
Otros Autores: Bruothová, Michaela, 1979-
Formato: Libro
Lenguaje:eslovaco
Publicado: Košice 2015
Etiquetas: Agregar Etiqueta
Sin Etiquetas, Sea el primero en etiquetar este registro!

MARC

LEADER 00000nbm a2200000 4500
001 0202150
005 20161212094350.6
041 0 |a slo 
044 |a SK 
245 1 0 |a Strategický prístup k riadeniu ľudských zdrojov  |b diplomová práca  |c Veronika Sániková ; školiteľ: Michaela Bruothová 
264 1 |a Košice  |c 2015 
300 |a 66 s. 
100 1 |a Sániková, Veronika 
700 1 |a Bruothová, Michaela, 1979- 
710 2 |a Podnikovohospodárska fakulta EU so sídlom v Košiciach. Katedra manažmentu